LEADER 03723nam a2200853 a 4500
001 nkc20132468136
003 CZ PrNK
005 20131216092745.0
007 ta
008 130614s2013 xr acghe 001 0dcze
015 |a cnb002468136 
020 |a 978-80-7451-318-3  |q (váz.) 
035 |a (OCoLC)867819046 
040 |a BOA001  |b cze  |d OLA001 
041 0 |a cze  |a slo 
043 |a e-uk-en  |a e-xr---  |a e-xo--- 
045 |a x3y0 
072 7 |a 070  |x Noviny. Tisk. Žurnalistika  |2 Konspekt  |9 12 
080 |a 654.195.6  |2 MRF 
080 |a 654.195.6-027.543  |2 MRF 
080 |a 654.195.6/.197:314.15-026.49  |2 MRF 
080 |a 070.431:654.195.6  |2 MRF 
080 |a 070.4:654.195.6  |2 MRF 
080 |a 070.422:654.195.6  |2 MRF 
080 |a (410.1)  |2 MRF 
080 |a (437.3)  |2 MRF 
080 |a (437.6)  |2 MRF 
080 |a (0:82-96)  |2 MRF 
080 |a (0:82-94)  |2 MRF 
080 |a (047.53)  |2 MRF 
245 0 0 |a Volá Londýn :  |b historie českého a slovenského vysílání BBC : (1939-2006) /  |c editor Milan Kocourek 
260 |a Praha :  |b Ottovo nakladatelství,  |c c2013 
300 |a 328 s. :  |b il., portréty, faksim., noty ;  |c 21 cm +  |e 1 CD 
504 |a Obsahuje bibliografii a rejstřík 
546 |a Část. slovenský text 
648 7 |a 20.-21. století  |7 ch462155  |2 czenas 
648 4 |a 1939-2006 
648 7 |a 20. století  |7 ch460558  |2 czenas 
650 0 7 |a rozhlasové vysílání  |7 ph125254  |z Velká Británie  |y 20.-21. stol.  |2 czenas 
650 0 7 |a zahraniční vysílání  |7 ph776730  |z Velká Británie  |y 20.-21. stol.  |2 czenas 
650 0 7 |a exilové vysílání  |7 ph669705  |z Česko  |y 20. stol.  |2 czenas 
650 0 7 |a exilové vysílání  |7 ph669705  |z Slovensko  |y 20. stol.  |2 czenas 
650 0 7 |a rozhlasové zpravodajství  |7 ph125257  |z Česko  |y 20.-21. stol.  |2 czenas 
650 0 7 |a rozhlasové zpravodajství  |7 ph125257  |z Slovensko  |y 20.-21. stol.  |2 czenas 
650 0 7 |a rozhlasová publicistika  |7 ph624563  |z Česko  |y 20.-21. stol.  |2 czenas 
650 0 7 |a rozhlasová publicistika  |7 ph624563  |z Slovensko  |y 20.-21. stol.  |2 czenas 
650 0 7 |a rozhlasoví redaktoři  |7 ph784491  |z Česko  |y 20.-21. stol.  |2 czenas 
650 0 7 |a rozhlasoví redaktoři  |7 ph784491  |z Slovensko  |y 20.-21. stol.  |2 czenas 
650 0 9 |a radio broadcasting  |z Great Britain  |y 20th-21st centuries  |2 eczenas 
650 0 9 |a international broadcasting  |z Great Britain  |y 20th-21st centuries  |2 eczenas 
650 0 9 |a exile broadcasting  |z Czechia  |y 20th century  |2 eczenas 
650 0 9 |a exile broadcasting  |z Slovakia  |y 20th century  |2 eczenas 
650 0 9 |a radio reporting  |z Czechia  |y 20th-21st centuries  |2 eczenas 
650 0 9 |a radio reporting  |z Slovakia  |y 20th-21st centuries  |2 eczenas 
650 0 9 |a radio journalism  |z Czechia  |y 20th-21st centuries  |2 eczenas 
650 0 9 |a radio journalism  |z Slovakia  |y 20th-21st centuries  |2 eczenas 
650 0 9 |a radio journalists  |z Czechia  |y 20th-21st centuries  |2 eczenas 
650 0 9 |a radio journalists  |z Slovakia  |y 20th-21st centuries  |2 eczenas 
655 7 |a literatura faktu  |7 fd132773  |2 czenas 
655 7 |a vzpomínky  |7 fd133830  |2 czenas 
655 7 |a rozhovory  |7 fd133303  |2 czenas 
655 9 |a non-fiction  |2 eczenas 
655 9 |a reminiscences  |2 eczenas 
655 9 |a interviews  |2 eczenas 
610 2 7 |a British Broadcasting Company  |7 ko2004238889  |2 czenas 
651 7 |a Londýn (Anglie)  |7 ge129867  |2 czenas 
651 9 |a London (England)  |2 eczenas 
700 1 |a Kocourek, Milan,  |d 1946-  |7 js20020311001  |4 aut  |4 edt 
910 2 |a BOA001  |b 2-1305.924 
990 |a BK 
995 |a 01 
991 |b 201307  |c NOV  |e n 
996 6 |b 2610553543  |c 2-1305.924  |l MZK  |r Sklad / do 1 hodiny  |n 1  |p p.v.  |w 001338009  |u 000010  |a 1  |e BOA001  |j MZK50  |s P 
996 7 |b 2610562413  |c 2-1305.924  |l MZK  |r Sklad / do 1 hodiny  |n 8  |p kup  |w 001338009  |u 000020  |a 1  |e BOA001  |j MZK50  |s A